New York Birds - Statistics

General Stats
  • This quiz has been taken 14 times
    13 since last reset
  • The average score is 16 of 29
Answer Stats
Question Answer % Correct
What are the species of owls found naturally in New York? Barn Owl
100%
Barn Swallow
100%
Great Horned Owl
90%
What colors is the patch that a maleRed-winged Blackbird usually has on its wing? Red
90%
What New York dove species' cooing sounds like owl hoots? Mourning Dove
80%
What relative does the mandarin duck (an Asian species ofduck) have that is found in New York? Wood Duck
80%
Yellow
80%
When Mute Swans are immature, what color patchesdo they have? Brown
70%
What swallow-like bird is found in New York in the summer? Chimney Swift
70%
What is the only species of swift found in New York? Chimney Swift
70%
What time of year are orioles and most warblers usuallyfound in New York? Summer
70%
Tree Swallow
70%
White-breasted Nuthatch
70%
Eastern Screech-Owl
60%
What New York bird imitates other birds' calls? Northern Mockingbird
60%
What are the two species of nuthatches found inNew York throughout the year? Red-breasted Nuthatch
60%
Barred Owl
50%
House Finch
50%
What are all the species of finches found in New York(including grosbeaks and crossbills which are in the finch family)? American Goldfinch
40%
What are the six speciesof swallows found in New York? Bank Swallow
40%
Purple Finch
40%
Cliff Swallow
30%
What is New York's state bird? Eastern Bluebird
30%
Evening Grosbeak
30%
Rose-breasted Grosbeak
30%
Northern Rough-wingedSwallow
20%
Red Crossbill
20%
Pine Grosbeak
10%
Purple Martin
10%
No matching quizzes found
Score Distribution
Percent of People with Each Score
Percentile by Number Answered
Your Score History
You have not taken this quiz since the last reset